Vector analysis with applications (Record no. 5838)

000 -LEADER
fixed length control field 00528nam a22002051 4500
001 - CONTROL NUMBER
control field 5838
003 - CONTROL NUMBER IDENTIFIER
control field BD-DhUET
008 - FIXED-LENGTH DATA ELEMENTS--GENERAL INFORMATION
fixed length control field 861017s1932 enka 000 0 eng c
020 ## - INTERNATIONAL STANDARD BOOK NUMBER
International Standard Book Number 8122405487
040 ## - CATALOGING SOURCE
Original cataloging agency DLC/ICU
Transcribing agency CGU
Modifying agency BD-DhUET
082 0# - DEWEY DECIMAL CLASSIFICATION NUMBER
Classification number 516.83
Item number ALI/1993
100 ## - MAIN ENTRY--PERSONAL NAME
Personal name Ali Ashraf, Md.
245 10 - TITLE STATEMENT
Title Vector analysis with applications
250 ## - EDITION STATEMENT
Edition statement 3rd ed.
260 ## - PUBLICATION, DISTRIBUTION, ETC. (IMPRINT)
Place of publication, distribution, etc. New Delhi
Name of publisher, distributor, etc. Wiley Eastern
Date of publication, distribution, etc. 1993
300 ## - PHYSICAL DESCRIPTION
Extent xv,308p.
Other physical details ill.
Dimensions 23 cm.
504 ## - BIBLIOGRAPHY, ETC. NOTE
Bibliography, etc Includes bibliographies
650 #0 - SUBJECT ADDED ENTRY--TOPICAL TERM
Topical term or geographic name as entry element Vector analysis
942 ## - ADDED ENTRY ELEMENTS (KOHA)
Koha item type General Book
Holdings
Shelving location Damaged status Piece designation (barcode) Koha renewals Lost status Source of classification or shelving scheme Koha out on loan Koha date last seen Date acquired Koha item type Koha full call number Price effective from Location (home branch) Not for loan Koha normalized classification for sorting Koha date last borrowed Koha issues (times borrowed) Sublocation or collection (holding branch) Copy number Withdrawn status
Circulation section 87531   2022-12-272022-12-132014-11-29General Book516.83/ALI/19932014-11-29Central Library, BUET 516_830000000000000_ALI_19932022-12-133Central Library, BUET8 
Circulation section 875281   2025-05-132014-12-21General Book516.83/ALI/19982014-12-21Central Library, BUET 516_830000000000000_ALI_19982025-04-2913Central Library, BUET2 
Circulation section 87530    2016-04-022015-01-27General Book516.83/ALI/19982015-01-27Central Library, BUET 516_830000000000000_ALI_1998  Central Library, BUET3 
Circulation section 48783    2025-11-302015-01-31General Book516.83/ALI/19982015-01-31Central Library, BUET 516_830000000000000_ALI_19982022-12-136Central Library, BUET4 
Circulation section 94102    2020-11-032015-02-11General Book516.83/ALI/19982015-02-11Central Library, BUET 516_830000000000000_ALI_19982020-01-055Central Library, BUET1 
Circulation section 87525    2025-11-182015-04-11General Book516.83/ALI/19932015-04-11Central Library, BUET 516_830000000000000_ALI_19932024-04-028Central Library, BUET7 
Circulation section 87526    2025-11-292015-04-23General Book516.83/ALI/19932015-04-23Central Library, BUET 516_830000000000000_ALI_19932023-09-276Central Library, BUET6 
Circulation section 87529    2022-05-252015-05-03General Book516.83/ALI/19932015-05-03Central Library, BUET 516_830000000000000_ALI_19932022-03-302Central Library, BUET7 
Reading section 87550    2015-06-072015-06-07Reading Item516.83/ALI/19932015-06-07Central Library, BUET 516_830000000000000_ALI_1993  Central Library, BUET9 
Reading section 92374    2015-06-072015-06-07Reading Item516.83/ALI/19932015-06-07Central Library, BUET 516_830000000000000_ALI_1993  Central Library, BUET10 
Reading section 94100    2015-06-082015-06-08Reading Item516.83/ALI/19932015-06-08Central Library, BUET 516_830000000000000_ALI_1993  Central Library, BUET12 
Reading section 87551    2015-06-142015-06-14Reading Item516.83/ALI/19932015-06-14Central Library, BUET 516_830000000000000_ALI_1993  Central Library, BUET13 
Circulation section 87527    2017-03-042015-09-02General Book516.83/ALI/19932015-09-02Central Library, BUET 516_830000000000000_ALI_1993  Central Library, BUET14